Občania službu prijali

Bibliographic Details
Main Authors: Brezovický (Author), Matejčík (Author)
Format: Article
Language:Slovak
PhysicalDescription:Fotogr.
Subjects:

MARC

LEADER 00000nab a2200000 a 4500
001 vtls000800037
003 SK-MaSNL
005 20260426062832.0
008 180206c2002 xo 0 slo
015 |a SNBRB2002/07-22580 
035 |a CLN000151692 
040 |a SNKBUCL  |b slo  |c SNKBUCL  |e AACR2 
041 0 |a slo 
044 |a xo  |c SK 
080 |a 628.46.045:061.5(437.6)  |2 UDC-MRF-SK2 
080 |a 504.064.4(437.6)  |2 UDC-MRF-SK2 
100 1 |a Brezovický  |4 aut  |9 1283251 
245 1 0 |a Občania službu prijali  |c Brezovický, Matejčík 
300 |b Fotogr. 
504 |a Res. angl. v summary 
610 7 |a Lobbe Slovakia (Bratislava, Slovensko)  |x odpad nebezpečný  |2 snkbucl  |9 1283252 
650 0 7 |a odpad nebezpečný  |x zber  |2 snkbucl  |9 1283253 
651 7 |a Bratislava (Slovensko)  |2 snkbucl  |9 14568 
655 7 |a články z novín a časopisov  |2 snkbucl  |9 267496 
700 1 |a Matejčík  |4 aut  |9 1283254 
773 0 |t XXI. storočie  |g Roč. 5, č. 1 (2002), s. 40-41 
850 |a Slovenská národná knižnica v Martine 
852 |a SNK  |b KIS3GCP 
958 |a RBX 
999 |c 2549949  |d 2551879